|
|
|
|
| LEADER |
00000naa2a2200000 4500 |
| 001 |
617229 |
| 005 |
20231101132941.0 |
| 035 |
|
|
|a (RuTPU)RU\TPU\conf\15541
|
| 035 |
|
|
|a RU\TPU\conf\15540
|
| 090 |
|
|
|a 617229
|
| 100 |
|
|
|a 20160225d2015 k y0rusy50 ca
|
| 101 |
0 |
|
|a rus
|
| 102 |
|
|
|a RU
|
| 105 |
|
|
|a y z 101zy
|
| 135 |
|
|
|a drcn ---uucaa
|
| 181 |
|
0 |
|a i
|
| 182 |
|
0 |
|a b
|
| 200 |
1 |
|
|a Применение программного обеспечения ООС - 1С предприятие 8.3 для ведения экологического учёта на предприятии
|f В. С. Коростелев
|g науч. рук. Е. Г. Язиков
|
| 203 |
|
|
|a Текст
|c электронный
|
| 225 |
1 |
|
|a Глобальные и региональные экологические проблемы творчество юных - шаг в успешное будущее
|
| 230 |
|
|
|a 1 компьютерный файл (pdf; 437 Кб)
|
| 300 |
|
|
|a Заглавие с титульного экрана
|
| 320 |
|
|
|a [Библиогр.: с. 46 (3 назв.)]
|
| 463 |
|
0 |
|0 (RuTPU)RU\TPU\conf\15338
|t Творчество юных - шаг в успешное будущее
|o материалы VIII Всероссийской научной студенческой конференции с элементами научной школы имени профессора М. К. Коровина, г. Томск, 23-27 ноября 2015 г.
|f Национальный исследовательский Томский политехнический университет (ТПУ) ; под ред. А. Ю. Дмитриева
|v [С. 44-46]
|d 2015
|
| 610 |
1 |
|
|a труды учёных ТПУ
|
| 610 |
1 |
|
|a электронный ресурс
|
| 610 |
1 |
|
|a программное обеспечение
|
| 610 |
1 |
|
|a 1С: Предприятие 8.3
|
| 610 |
1 |
|
|a природоохранная деятельность
|
| 610 |
1 |
|
|a отчетность
|
| 610 |
1 |
|
|a трудозатраты
|
| 700 |
|
1 |
|a Коростелев
|b В. С.
|
| 702 |
|
1 |
|a Язиков
|b Е. Г.
|c специалист в области геологии и минералогии
|c профессор Томского политехнического университета, доктор геолого-минералогических наук, заместитель проректора по образовательной и международной деятельности
|f 1955-
|g Егор Григорьевич
|2 stltpush
|4 727
|
| 712 |
0 |
2 |
|a Национальный исследовательский Томский политехнический университет (ТПУ)
|b Институт природных ресурсов (ИПР)
|b Кафедра геоэкологии и геохимии (ГЭГХ)
|h 259
|2 stltpush
|3 (RuTPU)RU\TPU\col\18658
|
| 801 |
|
2 |
|a RU
|b 63413507
|c 20180215
|g RCR
|
| 856 |
4 |
|
|u http://earchive.tpu.ru/handle/11683/15612
|
| 942 |
|
|
|c BK
|